000 00365cam a22001097a 4500
008 180718b1961 xxu||||| |||| 00| 0 eng d
082 _aQ947x42 Un3w
245 _aWork for prisoners : report
_cby Home Office, Scottish Home Department
260 _aLondon
_bHer Majesty's Stationery Office
_c1961
300 _a41p.
700 _aU.K. Scottish Home Department.Home Office
999 _c419305
_d419305